Maharaja Man SIngh of Jodhpur and his times, 1803- (Record no. 508118)

MARC details
000 -LEADER
fixed length control field 00701nam a2200241Ia 4500
003 - CONTROL NUMBER IDENTIFIER
control field OSt
005 - DATE AND TIME OF LATEST TRANSACTION
control field 20220925184546.0
008 - FIXED-LENGTH DATA ELEMENTS--GENERAL INFORMATION
fixed length control field 220923b |||||||| |||| 00| 0 eng d
037 ## - SOURCE OF ACQUISITION
Terms of availability General Book
040 ## - CATALOGING SOURCE
Original cataloging agency RTL
Transcribing agency RTL
Language of cataloging eng
041 ## - LANGUAGE CODE
Source of code eng
Language code of text/sound track or separate title eng
100 ## - MAIN ENTRY--PERSONAL NAME
Personal name Sharma Padmaja
9 (RLIN) 106215
245 #0 - TITLE STATEMENT
Title Maharaja Man SIngh of Jodhpur and his times, 1803-
260 ## - PUBLICATION, DISTRIBUTION, ETC.
Place of publication, distribution, etc. Agra
Name of publisher, distributor, etc. Shiva Lal Agarwala
Date of publication, distribution, etc. 1972
300 ## - PHYSICAL DESCRIPTION
Extent xv, 304p
Dimensions cm.
500 ## - GENERAL NOTE
General note Bibliography: P 298-304
650 ## - SUBJECT ADDED ENTRY--TOPICAL TERM
Topical term or geographic name entry element History of Rajasthan
942 ## - ADDED ENTRY ELEMENTS (KOHA)
Classification part V23752,1y7L83, L2
Koha item type General Books
Source of classification or shelving scheme Colon Classification (CC)

No items available.

Copyright @ Delhi University Library System